Statistics for ZZ Top songs on the Billboard Hot 100 Chart (USA)

Click here to take the quiz!

General Stats

  • This quiz has been taken 80 times
  • The average score is 6 of 17

Answer Stats

Peak Chart Position, YearAnswer% Correct
8, 1984Legs
85%
56, 1983Sharp Dressed Man
85%
41, 1974La Grange
80%
37, 1983Gimme All Your Lovin'
73%
20, 1975Tush
68%
89, 1980Cheap Sunglasses
46%
22, 1986Rough Boy
46%
8, 1985Sleeping Bag
42%
35, 1986Velcro Fly
22%
50, 1990Doubleback
20%
34, 1980I Thank You
19%
21, 1986Stages
14%
91, 1977Arrested For Driving While Blind
5%
69, 1972Francene
3%
79, 1991Give It Up
3%
44, 1976It's Only Love
2%
77, 1981Leila
0%

Score Distribution

Percentile by Number Answered

Percent of People with Each Score

Your Score History

You have not taken this quiz